Obálka Náhled e-knihy:
Epub
Pro půjčování e-knih musíte být přihlášeni.
Jak si půjčit online?

Assassin's creed. Poslední potomci /

Příběh dospívajícího Owena, v jehož životě neběží nic správně už od chvíle, co jeho otec zemřel ve vězení, obviněný ze zločinu, o němž si je Owen jist, že ho nespáchal.

Uloženo v:
Série:Poslední potomci, část 1
Hlavní autor: Kirby, Matthew J., 1976- (Autor)
Další autoři: Niklová, Kateřina, 1979- (Autor)
Médium: E-kniha
Jazyk:Czech
Vydáno: Ostrava : Fantom Print, 2019
Vydání:1. vydání
Témata:
Příbuzné jednotky:Z cyklu:: Poslední potomci
Tagy:
Žádné tagy
LEADER 02719nam a2200481 i 4500
001 311025
003 CZ PrSKC
005 20260601215658.0
007 ta
008 190416s2019 xr g 000 f cze
015 |a cnb003092592 
020 |a 9788075940261  |q (brožováno) 
035 |a (OCoLC)1104144129 
040 |a ABG001  |b cze  |e rda 
041 1 |a cze  |h eng 
072 7 |a 821.111(73)-3  |x Americká próza  |2 Konspekt 
080 |a 821.111(73)-31  |2 MRF 
080 |a (0:82-312.9)  |2 MRF 
100 1 |a Kirby, Matthew J.,  |d 1976-  |7 xx0235020  |4 aut 
240 1 0 |a Last descendants.  |l Česky 
245 1 0 |a Assassin's creed.  |p Poslední potomci /  |c Matthew J. Kirby ; překlad Kateřina Niklová 
246 3 0 |a Poslední potomci 
250 |a 1. vydání 
264 1 |a Ostrava :  |b Fantom Print,  |c 2019 
300 |a 302 stran ;  |c 21 cm 
336 |a text  |b txt  |2 rdacontent 
337 |a bez média  |b n  |2 rdamedia 
338 |a svazek  |b nc  |2 rdacarrier 
500 |a Přeloženo z angličtiny 
520 2 |a Příběh dospívajícího Owena, v jehož životě neběží nic správně už od chvíle, co jeho otec zemřel ve vězení, obviněný ze zločinu, o němž si je Owen jist, že ho nespáchal.  |b Monroe, školní ajťák, nabídne Owenovi způsob, jak by mohl otcovo jméno očistit, a to když ho nechá použít Animus - zařízení, které uživatelům umožňuje prozkoumávat genetické vzpomínky pohřbené v jejich vlastní DNA. Ta zkušenost ale přinese Owenovi víc, než předpokládal. Během simulace totiž odhalí existenci starověké a mocné relikvie, která byla dlouho považována za legendu - Trojzubce ráje. Tajné organizace se nyní nezastaví před ničím, aby artefakt získaly - a to jak bratrstvo asasínů, tak templářský řád. Brzy začne být zřejmé, že se Owen může zachránit pouze tak, že najde Trojzubec jako první. Nakladatelská anotace. Kráceno. 
546 |a Český text 
655 7 |a americké romány  |7 fd131796  |2 czenas 
655 7 |a fantasy romány  |7 fd184199  |2 czenas 
655 9 |a American fiction  |2 eczenas 
655 9 |a fantasy novels  |2 eczenas 
700 1 |a Niklová, Kateřina,  |d 1979-  |7 xx0038698  |4 trl 
765 1 |t Assassin's creed 
787 0 8 |i Z cyklu:  |t Poslední potomci  |g 1 
900 |a ABA001  |b 20 
044 |a xr 
910 |a RBIT002 
998 |d 184485  |a https://core.palmknihy.cz/api/books/184485/cover?pphm2p  |b https://core.palmknihy.cz/api/books/184485/cover/400?pphm2p  |c https://core.palmknihy.cz/api/books/184485/cover/50?pphm2p  |e 2029-02-28  |g 304  |i 9788075940261  |j https://core.palmknihy.cz/api/books/184485/preview.epub  |l   |q 49  |r 1  |s https://www.palmknihy.cz/kniha/184485  |t ebook  |y 2019  |z 0  |v Assassin's Creed: Poslední potomci  |w 1 
999 |d 311023